| 000 | 00782nam a2200217 a 4500 | ||
|---|---|---|---|
| 003 | 0 | ||
| 005 | 20250210094600.0 | ||
| 008 | 120717s19uu xx 00 eng d | ||
| 050 |
_aPGS QK 898.N6 _b.L477 2012 |
||
| 100 | _aLee, Yoo Jung. | ||
| 245 |
_aThe effect of earthworm (Lumbricus terrestris) and fertilizer on the growth of Portulaca (Portulaca oleracea) seeds / _cYoo Jung Lee. |
||
| 260 |
_bSISC, _aLas Pinas City : _c2012. |
||
| 300 |
_a25 pages : _billustrations ; _c28 cm. |
||
| 500 | _a6 Perseverance AY 2011-2012 | ||
| 504 | _aIncludes bibliographical references. | ||
| 650 |
_aSoil fertility _vBiological aspects. |
||
| 650 |
_aEarthworms _vSoil influence. |
||
| 650 |
_aFertilizers _vEffect on plants. |
||
| 650 | _aPlant-soil relationships. | ||
| 942 |
_2lcc _cPASS |
||
| 999 |
_c98708 _d98708 |
||